| 000 | 00559nam a2200169 a 4500 | ||
|---|---|---|---|
| 005 | 20231013063619.0 | ||
| 008 | 030530s1960 mx r 000 0 spa d | ||
| 035 | _aUPN01000124839 | ||
| 049 | _aLT | ||
| 050 | 4 |
_aLB1583 M6.4 _bM3.3 MD |
|
| 100 | 1 |
_aMateo Rodríguez, José _929185 |
|
| 245 | 1 | 0 |
_aCartografía de México : _bpara el cuarto año de instrucción primaria / _cpor José Mateo Rodríguez. |
| 260 |
_aMéxico : _bECO, _c[1960?]. |
||
| 300 |
_a77 p. : _bfotos, mapas |
||
| 650 | 4 |
_aGeografía _xEstudio y enseñanza (Elemental) _92801 |
|
| 905 | _aLibro | ||
| 999 |
_c97018 _d97018 |
||